Managerial Accounting / (Record no. 8023)

MARC details
000 -LEADER
fixed length control field 01070cac a22002531u 4500
008 - FIXED-LENGTH DATA ELEMENTS--GENERAL INFORMATION
fixed length control field 080908s2008mau|||||r|||| 001 0 eng d
010 ## - LIBRARY OF CONGRESS CONTROL NUMBER
LC control number 2006102821
020 ## - INTERNATIONAL STANDARD BOOK NUMBER
International Standard Book Number 9780071274227
020 ## - INTERNATIONAL STANDARD BOOK NUMBER
International Standard Book Number 0071274227
082 00 - DEWEY DECIMAL CLASSIFICATION NUMBER
Classification number 658.1511
Item number GAR
Edition number 22
100 ## - MAIN ENTRY--PERSONAL NAME
Personal name Garrison, Ray H.
9 (RLIN) 12225
245 10 - TITLE STATEMENT
Title Managerial Accounting /
Statement of responsibility, etc Ray H. Garrison, Eric W. Noreen, Peter C. Brewer.
250 ## - EDITION STATEMENT
Edition statement International ed., 12th ed.
260 ## - PUBLICATION, DISTRIBUTION, ETC. (IMPRINT)
Place of publication, distribution, etc Boston :
Name of publisher, distributor, etc McGraw-Hill/Irwin, 2008
Date of publication, distribution, etc c2008.
300 ## - PHYSICAL DESCRIPTION
Extent xxi, 792 p. :
Other physical details col. ill. ;
Dimensions 29 cm.
504 ## - BIBLIOGRAPHY, ETC. NOTE
Bibliography, etc Includes bibliographical references and index.
650 #0 - SUBJECT ADDED ENTRY--TOPICAL TERM
Topical term or geographic name as entry element Managerial accounting.
9 (RLIN) 12226
700 1# - ADDED ENTRY--PERSONAL NAME
Personal name Noreen, Eric W.
9 (RLIN) 12227
700 1# - ADDED ENTRY--PERSONAL NAME
9 (RLIN) 12228
Personal name Brewer, Peter C.
856 42 - ELECTRONIC LOCATION AND ACCESS
Materials specified Publisher description
Uniform Resource Identifier <a href="http://www.loc.gov/catdir/enhancements/fy0705/2006102821-d.html">http://www.loc.gov/catdir/enhancements/fy0705/2006102821-d.html</a>
856 42 - ELECTRONIC LOCATION AND ACCESS
Materials specified Table of contents only
Uniform Resource Identifier <a href="http://www.loc.gov/catdir/enhancements/fy0705/2006102821-t.html">http://www.loc.gov/catdir/enhancements/fy0705/2006102821-t.html</a>
856 42 - ELECTRONIC LOCATION AND ACCESS
Materials specified Contributor biographical information
Uniform Resource Identifier <a href="http://www.loc.gov/catdir/enhancements/fy0737/2006102821-b.html">http://www.loc.gov/catdir/enhancements/fy0737/2006102821-b.html</a>
942 ## - ADDED ENTRY ELEMENTS (KOHA)
Item type Book - Borrowing
Call number prefix 658.1511 GAR
Source of classification or shelving scheme Dewey Decimal Classification
Holdings
Withdrawn status Item status Source of classification or shelving scheme Damaged status Not for loan Vendor Home library Current library Shelving location Date acquired Source of acquisition Cost, normal purchase price Total Checkouts Total Renewals Full call number Barcode Date last seen Date last borrowed Cost, replacement price Koha item type Materials specified (bound volume or other part)
    Dewey Decimal Classification       Central Library Central Library First floor 18/02/2008   200.00 14 10 658.1511 GAR 000009762 15/07/2025 16/05/2016 250.00 Book - Borrowing  
    Dewey Decimal Classification       Central Library Central Library First floor 18/02/2008 Purchase 200.00 10 11 658.1511 GAR 000009758 15/07/2025 14/03/2011 250.00 Book - Borrowing  
  Lost Dewey Decimal Classification       Central Library Central Library First floor 18/02/2008 Purchase 200.00     658.1511 GAR 000009759 18/02/2008   250.00 Book - Borrowing Lost In Inventory_2015-8-23
    Dewey Decimal Classification       Central Library Central Library First floor 18/02/2008 Purchase 200.00 10 4 658.1511 GAR 000009760 15/07/2025 05/04/2016 250.00 Book - Borrowing  
    Dewey Decimal Classification       Central Library Central Library First floor 18/02/2008 Purchase 200.00 13 5 658.1511 GAR 000009761 15/07/2025 10/04/2011 250.00 Book - Borrowing  
    Dewey Decimal Classification       Central Library Central Library First floor 18/02/2008   200.00 17 21 658.1511 GAR 000009750 15/07/2025 28/03/2016 250.00 Book - Borrowing  
    Dewey Decimal Classification       Central Library Central Library First floor 18/02/2008 Purchase 200.00 14 31 658.1511 GAR 000009751 15/07/2025 20/03/2016 250.00 Book - Borrowing  
    Dewey Decimal Classification       Central Library Central Library First floor 18/02/2008 Purchase 200.00 13 27 658.1511 GAR 000009763 15/07/2025 05/04/2016 250.00 Book - Borrowing  
    Dewey Decimal Classification       Central Library Central Library First floor 18/02/2008 Purchase 200.00 9 14 658.1511 GAR 000006047 15/07/2025 04/05/2011 250.00 Book - Borrowing  
    Dewey Decimal Classification       Central Library Central Library First floor 08/09/2008 Purchase 200.00 9 12 658.1511 GAR 000013521 15/07/2025 03/05/2016 250.00 Book - Borrowing  
    Dewey Decimal Classification       Central Library Central Library First floor 08/09/2008 Purchase 200.00 10 23 658.1511 GAR 000013522 15/07/2025 20/03/2016 250.00 Book - Borrowing  
    Dewey Decimal Classification       Central Library Central Library First floor 12/01/2009 Purchase 200.00 6   658.1511 GAR 000009764 15/07/2025 13/05/2009 250.00 NB - Book (Non borrowing)  
    Dewey Decimal Classification     Baccah Central Library Central Library First floor 03/03/2010   200.00 6 24 658.1511 GAR 000020110 15/07/2025 09/03/2011 250.00 Book - Borrowing